Statistics for Countries With Only Southern Neighbours (by Northernmost point)

Click here to take the quiz!

General Stats

  • This quiz has been taken 428 times
    (390 since last reset)
  • The average score is 6 of 7

Answer Stats

# B Northernmost point COUNTRY % Correct
1 83°06'N Canada
100%
14 81°51'N Russia
99%
1 57°45'N Denmark
90%
2 60°51'N United Kingdom
90%
2 37°21'N Tunisia
79%
3 15º40'N Venezuela
69%
1 20°04'N Haiti
69%

Score Distribution

Percentile by Number Answered

Percent of People with Each Score

Your Score History

You have not taken this quiz since the last reset